000 01179cam a22003257a 4500
003 CHAP
005 20220329141927.0
008 980626d1993 mx r 00010bspa d
010 _a75834
011 _a76806
035 _a86395
040 _cCHAP
082 0 4 _a920
_bU3
245 1 0 _aMarte R. Gómez :
_bsemblanza biográfica, 1896-1973
_c/por Universidad Autónoma de Chapingo
260 _aChapingo, Méx. :
_bUACH.,
_c1993.
300 _a107 p.
590 _aBATCH-UPD
_b10
_c20130110
_lUCH01
_h1453
590 _aBATCH-UPD
_b10
_c20130410
_lUCH01
_h0919
590 _aBATCH-UPD
_b10
_c20130914
_lUCH01
_h0106
590 _aCONVERSION
_b10
_c20130109
_lUCH01
_h1341
650 1 4 _aAgrónomos mexicanos
_xBiografía.
_92209
901 _aBK
905 _aMayto Villalobos S.
942 _cLIBRO
949 _a920 U3
_bBC
_cLIBRO
_d33724000697439
_eLIBRO
_h92373
_i86395
_si
949 _a920 U3
_bBC
_cLIBRO
_d33724000697504
_eLIBRO
_fc.4
_h92376
_i86395
_sb
949 _a920 U3
_bBC
_cLIBRO
_d33724000697512
_eLIBRO
_fc.2
_h92374
_i86395
_si
949 _a920 U3
_bBC
_cLIBRO
_d33724000697520
_eLIBRO
_fc.3
_h92375
_i86395
_si
949 _a920 U3
_bBC
_cUACH
_d33724000697496
_eUACH
_fc.5
_h92377
_i86395
_sb
999 _c75834
_d75834